Normal view
MARC view
- تأليف كريستي،أجاتا ؛ تعريب عمر عبد العزيز أمين
Entry Personal Name
001 - CONTROL NUMBER
- control field: 9900
003 - CONTROL NUMBER IDENTIFIER
- control field: JO-AjAnu
005 - DATE AND TIME OF LATEST TRANSACTION
- control field: 20230606071906.0
008 - FIXED-LENGTH DATA ELEMENTS
- fixed length control field: 230606|| aca||aabn | a|a d
040 ## - CATALOGING SOURCE
- Original cataloging agency: JO-AjAnu
- Transcribing agency: JO-AjAnu
100 ## - HEADING--PERSONAL NAME
- Personal name: تأليف كريستي،أجاتا ؛ تعريب عمر عبد العزيز أمين
670 ## - SOURCE DATA FOUND
- Source citation: Work cat.: (JO-AjAnu)5102: تأليف كريستي،أجاتا ؛ تعريب عمر عبد العزيز أمين, author, شاهدة إثبات